Online Catalogue and eLibrary

Kathaigal (Record no. 3774)

MARC details
000 -LEADER
fixed length control field 00370nam a2200157Ia 4500
005 - DATE AND TIME OF LATEST TRANSACTION
control field 20250508071201.0
008 - FIXED-LENGTH DATA ELEMENTS--GENERAL INFORMATION
fixed length control field 240331s9999 xx 000 0 und d
020 ## - INTERNATIONAL STANDARD BOOK NUMBER
ISBN 1876626518
082 ## - DDC Classification
Item Number - Author Mark SIV
Class No. 894
100 ## - MAIN ENTRY--PERSONAL NAME
Personal name Sivagami,
245 #0 - TITLE STATEMENT
Title Kathaigal
260 ## - PUBLICATION, DISTRIBUTION, ETC.
Name of publisher, distributor, etc. Mithra Publication
Date of publication, distribution, etc. 2003
300 ## - PHYSICAL DESCRIPTION
Extent (e.g. Volumes, Pages etc.) 143 p .,
500 ## - GENERAL NOTE
General note A Collections of Short Stories
942 ## - Koha item type (Biblio)
Koha item type Books in Stacks (Lending)
Holdings
Lost status Damaged status Collection code Home library Current library Shelving location Date acquired Full call number Accession Number Item type
    Lending WERC Library WERC Library Social Science Cupboard 03/31/2024 894.811 SIV 5654 Books in Stacks (Lending)

© WERC Library